| 000 | 00506nam a2200157Ia 4500 | ||
|---|---|---|---|
| 008 | 230907s9999||||xx |||||||||||||| ||und|| | ||
| 082 |
_a621.3 _bKAS |
||
| 100 |
_aKashan Ahmad (00000205207) _9116605 |
||
| 245 | 0 | _aPolymer gel Matrix based Quasi-solid electrolytes for stable dye-Sensitized Solar Cells (DSSCs) / | |
| 260 |
_aUSPCAS-E, NUST, _bIslamabad : _c2021 |
||
| 300 | _ax, 78 p. | ||
| 520 | _aTH-292 | ||
| 650 |
_aMS-ESE Thesis _9116606 |
||
| 700 |
_aDr. Nadia Shahzad _9117122 |
||
| 942 |
_cTHE _2ddc |
||
| 999 |
_c601970 _d601970 |
||